| 000 | 00449nam a2200169Ia 4500 | ||
|---|---|---|---|
| 999 |
_c15477 _d15477 |
||
| 082 | _aRR 305.403 VER-I | ||
| 100 | _aVerma, H.N. | ||
| 245 | 0 | _aIndian women: through the ages | |
| 260 |
_aNew Delhi _bGreat Indian publications _c0 |
||
| 300 | _avii, 203p. | ||
| 504 | _aIncludes bibliography | ||
| 650 | _aWomen - India | ||
| 650 | _aWomen - Sociological aspects | ||
| 650 | _aWomen - Dictionaries | ||
| 700 | _aVerma, Amrit | ||
| 942 |
_cBK _2ddc |
||